<?xml version="1.0" encoding="UTF-8"?><?xml-stylesheet type="text/xsl" href="static/style.xsl"?><OAI-PMH xmlns="http://www.openarchives.org/OAI/2.0/" xmlns:xsi="http://www.w3.org/2001/XMLSchema-instance" xsi:schemaLocation="http://www.openarchives.org/OAI/2.0/ http://www.openarchives.org/OAI/2.0/OAI-PMH.xsd"><responseDate>2026-04-14T17:11:36Z</responseDate><request verb="GetRecord" identifier="oai:uvadoc.uva.es:10324/36764" metadataPrefix="marc">https://uvadoc.uva.es/oai/request</request><GetRecord><record><header><identifier>oai:uvadoc.uva.es:10324/36764</identifier><datestamp>2021-06-29T23:49:19Z</datestamp><setSpec>com_10324_38</setSpec><setSpec>col_10324_852</setSpec></header><metadata><record xmlns="http://www.loc.gov/MARC21/slim" xmlns:doc="http://www.lyncode.com/xoai" xmlns:xsi="http://www.w3.org/2001/XMLSchema-instance" xmlns:dcterms="http://purl.org/dc/terms/" xsi:schemaLocation="http://www.loc.gov/MARC21/slim http://www.loc.gov/standards/marcxml/schema/MARC21slim.xsd">
<leader>00925njm 22002777a 4500</leader>
<datafield tag="042" ind1=" " ind2=" ">
<subfield code="a">dc</subfield>
</datafield>
<datafield tag="720" ind1=" " ind2=" ">
<subfield code="a">Sanz Bedate, Javier</subfield>
<subfield code="e">author</subfield>
</datafield>
<datafield tag="720" ind1=" " ind2=" ">
<subfield code="a">Sanz Bedate, Javier</subfield>
<subfield code="e">author</subfield>
</datafield>
<datafield tag="260" ind1=" " ind2=" ">
<subfield code="c">2019</subfield>
</datafield>
<datafield tag="520" ind1=" " ind2=" ">
<subfield code="a">Este trabajo se ha centrado en aumentar la capacidad de producción&#xd;
del sistema de logística interna “Garbo” implantado en la fábrica de Michelin&#xd;
en Valladolid. Para ello se ha abordado el problema desde diferentes puntos&#xd;
de vista.&#xd;
En primer lugar, se ha perfeccionado la obtención de datos añadiendo&#xd;
más valor a la ya existente. En segundo lugar, se han realizado propuestas de&#xd;
mejora para el sistema desde dos focos importantes, los elementos fijos de la&#xd;
logística interna y los propios vehículos que administramos. Finalmente se han realizado ciertos estudios a petición de la directiva para comprobar su impacto sobre los AGVs.</subfield>
</datafield>
<datafield tag="024" ind2=" " ind1="8">
<subfield code="a">http://uvadoc.uva.es/handle/10324/36764</subfield>
</datafield>
<datafield ind1=" " ind2=" " tag="653">
<subfield code="a">Logística (Organización)</subfield>
</datafield>
<datafield ind1=" " ind2=" " tag="653">
<subfield code="a">Eficiencia en la industria</subfield>
</datafield>
<datafield ind1=" " ind2=" " tag="653">
<subfield code="a">Neumáticos Michelin (Firma)</subfield>
</datafield>
<datafield tag="245" ind1="0" ind2="0">
<subfield code="a">Propuestas para la mejora de la logística interna proporcionada por el sistema de AGVs Garbo en la planta de Michelin Valladolid</subfield>
</datafield>
</record></metadata></record></GetRecord></OAI-PMH>